00345nam a2200121Ia 4500008004100000100004400041245003300085260005000118300001000168650002100178942000700199999001700206190216s9999||||xx |||||||||||||| ||und|| aAlbert Paul Malvino And Jerald A. Brown 0aDigital Computer Electronics bTata Mcgraw Hill Publishing Company Ltdc1995 a522 p aComputer Science cBK c33350d33350